El único país que limita con… - Estadísticas

Estadísticas generales
  • Esta prueba ha sido intentada 42 veces
  • La puntuación promedio es 13 de 14
Estadísticas de respuestas
País % Correcto
Corea del Sur Corea del Norte
100%
Portugal España
100%
Ciudad del Vaticano Italia
100%
San Marino Italia
100%
Irlanda Reino Unido
100%
Catar Arabia Saudita
97%
República Dominicana Haití
97%
Timor Oriental Indonesia
97%
Papúa Nueva Guinea Indonesia
97%
Haití República Dominicana
97%
Lesoto Sudáfrica
95%
Singapur Malasia
92%
Brunéi Malasia
92%
Gambia Senegal
84%
No se encontraron pruebas coincidentes
Distribución de puntuación
Porcentaje de gente con cada puntuación
Porcentaje por número respondido
Historial de tus puntuaciones
No has intentado esta prueba.